Dibujos de Joaquín Peinado / (Record no. 177291)

MARC details
000 -LEADER
campo de control de longitud fija 01005nam a22002531 4500
001 - NÚMERO DE CONTROL
campo de control 177291
003 - IDENTIFICADOR DE NÚMERO DE CONTROL
campo de control ES-MaACL
005 - FECHA Y HORA DE LA ÚLTIMA TRANSACCIÓN
campo de control 20250815121257.0
008 - DATOS DE LONGITUD FIJA--INFORMACIÓN GENERAL
campo de control de longitud fija 110314s1970 sp af ||||0| spa d
080 ## - NÚMERO DE LA CLASIFICACIÓN DECIMAL UNIVERSAL
Número de la Clasificación Decimal Universal 74 Peinado, Joaquín
100 1# - ENTRADA PRINCIPAL--NOMBRE DE PERSONA
Nombre de persona Peinado, Joaquín.
9 (RLIN) 89982
245 10 - MENCIÓN DEL TÍTULO
Título Dibujos de Joaquín Peinado /
Mención de responsabilidad, etc. por Lucas Vidal.
250 ## - MENCION DE EDICION
Mención de edición 1ª ed.
260 ## - PUBLICACIÓN, DISTRIBUCIÓN, ETC.
Lugar de publicación, distribución, etc. Madrid :
Nombre del editor, distribuidor, etc. Ibérico Europea de Ediciones,
Fecha de publicación, distribución, etc. D. L. 1970.
300 ## - DESCRIPCIÓN FÍSICA
Extensión [40] p. :
Otras características físicas principalmente il. bl. y n. ;
Dimensiones 31 cm.
490 1# - MENCIÓN DE SERIE
Mención de serie Maestros contemporáneos del dibujo y la pintura ;
Designación de volumen o secuencia 4
500 ## - NOTA GENERAL
Nota general Encuadernado con otros títulos.
597 ## - NOTA DE DESCRIPCIÓN FÍSICA
NOTA DE DESCRIPCIÓN FÍSICA En el lomo: Opisso, Mateos, Vázquez Díaz, Joaquín Peinado, Monell, F. Iturrino, Redondela, Colmeiro, Cecilio Pla, Martínez Ortiz.
600 14 - PUNTO DE ACCESO ADICIONAL DE MATERIA--NOMBRE DE PERSONA
Nombre de persona Peinado, Joaquín.
9 (RLIN) 89982
700 1# - ENTRADA AGREGADA--NOMBRE PERSONAL
Nombre de persona Vidal, Lucas.
9 (RLIN) 114444
830 00 - PUNTO DE ACCESO ADICIONAL DE SERIE-TÍTULO UNIFORME
Título uniforme Maestros contemporáneos del dibujo y la pintura
Designación de volumen o secuencia 4
9 (RLIN) 190405
852 ## - LOCALIZACIÓN
Ubicación ES-MaACL
Número de control de estantería E-14686 (4)
Encuadernación Olim P-1071
Holdings
Estatus retirado Estado de pérdida Estado de daño No para préstamo Biblioteca de origen Biblioteca actual Ubicación en estantería Fecha de adquisición Fuente de adquisición Total de préstamos Signatura topográfica completa Código de barras Visto por última vez Precio de reemplazo Tipo de ítem Koha
        Biblioteca del Ateneo de Madrid Biblioteca del Ateneo de Madrid Depósito 2 14/03/2011     E-14686 (4) 1186207 23/02/2023 23/02/2023 Libro impreso